000 00596nam a2200205 i 4500
001 181673
003 ES-MaACL
005 20250822063232.0
008 130306s1976 sp |||| | cat d
020 _a84-233-0436-1
080 _a849.9-4"19"
100 1 _aPla, Josep,
_d1897-1981
_9164614
245 1 0 _aArticles amb cua /
_cJosep Pla.
260 _aBarcelona :
_bDestino,
_c1976.
300 _a649 p. ;
_c17 cm.
490 1 _aObra completa de Josep Pla ;
_v31
830 0 _aObra completa de Josep Pla ;
_v31
_9191524
852 _aES-MaACL
_jJ-46(31)
999 _c181673
_d181673